Les équipes ayant remporté un trophée depuis 10 ans - Mort Subite - Statistiques

Statistiques générales
  • Ce quiz a été pris 213 fois
  • Le résultat moyen est 5 sur 18
Answers on the Grid
Answers color-coded by a green-red scale on the quiz's grid according to % correct below.
Real Sociedad
Aston Villa
Strasbourg
Lazio de Rome
Arsenal
Villarreal
AS Rome
Marseille
Stuttgart
Nantes
Santos
West Ham
Cercle Bruges
Francfort
Toulouse
Schalke
Torino
Basaksehir
Wolfsburg
Saint-Etienne
Bétis Séville
Bordeaux
Everton
Fenerbahçe
Guingamp
Atalanta Bergame
Athletic Bilbao
Lorient
Braga
Fiorentina
 
Statistiques - réponses
Réponse % Correct
Arsenal
64%
Nantes
45%
Toulouse
45%
Villarreal
44%
AS Rome
43%
Atalanta Bergame
37%
Francfort
29%
Athletic Bilbao
28%
Guingamp
27%
Strasbourg
27%
Real Sociedad
25%
West Ham
24%
Fenerbahçe
19%
Lazio de Rome
19%
Bétis Séville
14%
Braga
14%
Basaksehir
12%
Wolfsburg
8%
Aucun quiz correspondant
Distribution des résultats
% des personnes avec chaque résultat
Percentile par nombre de réponses
Votre historique - résultats
Vous n’avez pas pris ce quiz